[Event "4NCL Division 1a"]
[Site "Birmingham, ENG ENG"]
[Date "2016.01.23"]
[Round "3.111"]
[White "Speelman, Jon S"]
[Black "Howell, David W L"]
[Result "1/2-1/2"]
[WhiteElo "2517"]
[BlackElo "2685"]
[PlyCount "113"]
[EventDate "2016.01.23"]
[WhiteTeam "Wood Green HK"]
[BlackTeam "Cheddleton 1"]

1. d4 Nf6 2. Nf3 g6 3. Bf4 d6 4. h3 c5 5. dxc5 Qa5+ 6. Nc3 Qxc5 7. e4 Bg7 8.
Bd3 O-O 9. O-O a6 10. Be3 Qc7 11. a4 Nc6 12. Qd2 e6 13. Bh6 b6 14. Rfe1 Bb7 15.
Rad1 Rfd8 16. Bxg7 Kxg7 17. Bf1 Rac8 18. Qc1 h6 19. Nd4 Na5 20. Qe3 Qc5 21. Nf3
Nc4 22. Bxc4 Qxe3 23. Rxe3 Rxc4 24. b3 Rc7 25. e5 Ne8 26. exd6 Rxd6 27. Rxd6
Nxd6 28. Rd3 Nc8 29. Ne5 Kf6 30. Nc4 g5 31. Rd8 Bc6 32. Na2 Bxa4 33. Nb4 Ke7
34. Rh8 Be8 35. Nxa6 Ra7 36. Nb4 b5 37. Ne3 Nd6 38. Rxh6 Ra1+ 39. Kh2 Ne4 40.
f3 Nc5 41. h4 gxh4 42. Rxh4 Re1 43. Ng4 Re2 44. Kg1 Rd2 45. Nf2 f6 46. Rh7+ Kd6
47. Rg7 e5 48. Kf1 Rd4 49. Nbd3 Nxd3 50. Nxd3 e4 51. fxe4 Rxe4 52. g3 Bh5 53.
Nf2 Re3 54. g4 Be8 55. Nd1 Re5 56. Kf2 Rg5 57. Rxg5 1/2-1/2

[Event "4NCL Division 1a"]
[Site "Birmingham, ENG ENG"]
[Date "2016.01.23"]
[Round "3.113"]
[White "Greet, Andrew N"]
[Black "Hamitevici, Vladimir"]
[Result "1/2-1/2"]
[WhiteElo "2441"]
[BlackElo "2469"]
[PlyCount "123"]
[EventDate "2016.01.23"]
[WhiteTeam "Wood Green HK"]
[BlackTeam "Cheddleton 1"]

1. d4 Nf6 2. c4 e6 3. g3 Bb4+ 4. Bd2 a5 5. Bg2 O-O 6. e3 d5 7. Ne2 c6 8. Bxb4
axb4 9. Nd2 Qe7 10. O-O b6 11. Nf4 Ba6 12. Qc2 Nbd7 13. Rfc1 Rac8 14. a3 dxc4
15. axb4 Bb5 16. Nxc4 Nd5 17. Ra7 Nxb4 18. Qb3 Bxc4 19. Qxc4 Rfd8 20. Bh3 c5
21. Nxe6 fxe6 22. Qxe6+ Kf8 23. Rxd7 Rxd7 24. Qxd7 Qxd7 25. Bxd7 Rd8 26. Bb5
cxd4 27. exd4 Rxd4 28. Rc8+ Ke7 29. Rc7+ Kf6 30. Rb7 Rd6 31. Bc4 h6 32. h4 g5
33. hxg5+ hxg5 34. Kg2 Kf5 35. Kf3 Nc6 36. Ke3 Ne5 37. Bb5 Ng4+ 38. Ke2 Ne5 39.
Rb8 Ke4 40. Re8 Kd4 41. Ba6 b5 42. Bc8 Nd3 43. Rg8 Rd5 44. b3 Re5+ 45. Kf3 Kc3
46. g4 Nc5 47. Bf5 Nxb3 48. Rxg5 Nd4+ 49. Kf4 Re2 50. f3 Rf2 51. Rg8 Rxf3+ 52.
Ke4 Rd3 53. Rc8+ Kd2 54. Rd8 Kc3 55. g5 b4 56. g6 b3 57. Rc8+ Kd2 58. g7 Nxf5
59. Kxf5 Rg3 60. g8=Q Rxg8 61. Rxg8 b2 62. Rb8 1/2-1/2

[Event "4NCL Division 1a"]
[Site "Birmingham, ENG ENG"]
[Date "2016.01.23"]
[Round "3.114"]
[White "Arkell, Keith C"]
[Black "McDonald, Neil"]
[Result "1/2-1/2"]
[WhiteElo "2474"]
[BlackElo "2404"]
[PlyCount "123"]
[EventDate "2016.01.23"]
[WhiteTeam "Cheddleton 1"]
[BlackTeam "Wood Green HK"]

1. d4 d5 2. Nf3 Nf6 3. c4 e6 4. cxd5 exd5 5. Nc3 c6 6. Bg5 Be7 7. e3 O-O 8. Bd3
Nbd7 9. Qc2 Re8 10. O-O Nf8 11. h3 Ng6 12. Bxf6 Bxf6 13. b4 a6 14. a4 Be7 15.
Rab1 Bd6 16. Bf5 Bxf5 17. Qxf5 Nh4 18. Nxh4 Qxh4 19. b5 axb5 20. axb5 Re6 21.
bxc6 bxc6 22. Rb7 Rf6 23. Qg4 Qxg4 24. hxg4 g6 25. Rc1 Ra6 26. g3 Kg7 27. Rd7
Bb4 28. Ne2 g5 29. Rc7 Ra2 30. Kf1 c5 31. R7xc5 Bxc5 32. dxc5 Rfa6 33. c6 Ra1
34. Rxa1 Rxa1+ 35. Kg2 Kf6 36. Nd4 Ke7 37. Kf3 Ra2 38. Kg2 Kd6 39. Kf3 Rd2 40.
Nf5+ Ke5 41. Kg2 Rc2 42. Nd4 Rc4 43. f4+ Ke4 44. Kf2 gxf4 45. gxf4 Rc3 46. g5
Rxe3 47. Nb5 Kd3 48. f5 Re2+ 49. Kf3 Rc2 50. Nd6 Rxc6 51. Nxf7 Kc2 52. Ne5 Rc3+
53. Kg4 d4 54. f6 d3 55. Nxd3 Kxd3 56. f7 Rc8 57. g6 hxg6 58. Kg5 Ke4 59. Kxg6
Ke5 60. Kg7 Rc7 61. Kg8 Rxf7 62. Kxf7 1/2-1/2

[Event "4NCL Division 1a"]
[Site "Birmingham, ENG ENG"]
[Date "2016.01.23"]
[Round "3.115"]
[White "Fitzsimons, David"]
[Black "Fodor, Tamas Jr"]
[Result "0-1"]
[WhiteElo "2400"]
[BlackElo "2500"]
[PlyCount "52"]
[EventDate "2016.01.23"]
[WhiteTeam "Wood Green HK"]
[BlackTeam "Cheddleton 1"]

1. e4 e5 2. Nf3 Nc6 3. Bc4 Bc5 4. O-O Nf6 5. d3 d6 6. c3 O-O 7. h3 Bb6 8. Bb3
Ne7 9. Nbd2 Ng6 10. Re1 c6 11. Nf1 d5 12. exd5 Nxd5 13. Ng3 Qc7 14. d4 exd4 15.
Nxd4 Ndf4 16. Qf3 Bd7 17. Re4 Ne6 18. Ndf5 Nc5 19. Nh6+ Kh8 20. Nxf7+ Rxf7 21.
Qxf7 Rf8 22. Qc4 Nxb3 23. Bf4 Nxf4 24. axb3 Nxh3+ 25. Kh2 Rxf2 26. Qd3 Ng5 0-1

[Event "4NCL Division 1a"]
[Site "Birmingham, ENG ENG"]
[Date "2016.01.23"]
[Round "3.116"]
[White "Eggleston, David J"]
[Black "Arvola, Benjamin"]
[Result "1-0"]
[WhiteElo "2396"]
[BlackElo "2328"]
[PlyCount "37"]
[EventDate "2016.01.23"]
[WhiteTeam "Cheddleton 1"]
[BlackTeam "Wood Green HK"]

1. e4 c5 2. Nf3 d6 3. d4 Nf6 4. Nc3 cxd4 5. Nxd4 a6 6. Be3 e6 7. f3 b5 8. Qd2
Nbd7 9. g4 h6 10. O-O-O b4 11. Nce2 d5 12. exd5 Nxd5 13. Nf4 Nxe3 14. Qxe3 Qb6
15. Bc4 Be7 16. Nfxe6 fxe6 17. Qe4 O-O 18. Nxe6 Ne5 19. Ng5+ 1-0

[Event "4NCL Division 1a"]
[Site "Birmingham, ENG ENG"]
[Date "2016.01.23"]
[Round "3.117"]
[White "Lauridsen, Jesper Morch"]
[Black "Kirk, Ezra"]
[Result "1/2-1/2"]
[WhiteElo "2320"]
[BlackElo "2304"]
[PlyCount "201"]
[EventDate "2016.01.23"]
[WhiteTeam "Wood Green HK"]
[BlackTeam "Cheddleton 1"]

1. e4 e6 2. d4 d5 3. exd5 exd5 4. Nf3 Nf6 5. Bd3 Bd6 6. O-O O-O 7. h3 h6 8. Re1
Nc6 9. c3 Re8 10. Rxe8+ Qxe8 11. Nbd2 Be6 12. Qb3 Qc8 13. Bf1 Bf5 14. a4 a5 15.
Nh2 Ne7 16. Ndf3 Ng6 17. Be3 c6 18. c4 dxc4 19. Bxc4 Qc7 20. Nf1 Be4 21. N1d2
Bd5 22. Rc1 Re8 23. Bxd5 Nxd5 24. Nf1 Ngf4 25. Re1 Ne6 26. Bd2 Nb4 27. N1h2 Rd8
28. Ng4 h5 29. Ne3 Bf8 30. Bc3 Nf4 31. Ne5 Nfd5 32. Bd2 g6 33. g4 hxg4 34.
N3xg4 Qc8 35. Qf3 Qe6 36. Nc4 Qf5 37. Qxf5 gxf5 38. Bg5 Ra8 39. Nf6+ Nxf6 40.
Bxf6 Nd5 41. Bg5 f4 42. Kg2 f6 43. Bh4 b5 44. axb5 cxb5 45. Na3 Bxa3 46. bxa3
b4 47. axb4 axb4 48. Rb1 Ra2 49. Bxf6 Nxf6 50. Rxb4 Ra3 51. d5 Nxd5 52. Rd4 Ra5
53. Kf3 Kf7 54. Ke4 Ke6 55. Rc4 Kd6 56. Rd4 Rc5 57. h4 Ke6 58. h5 Rc1 59. h6
Re1+ 60. Kf3 Rh1 61. Ke4 Ne7 62. Ra4 Kf7 63. Ra7 Rxh6 64. Kxf4 Rb6 65. Ke3 Ke6
66. Ra8 Nd5+ 67. Kf3 Rb4 68. Re8+ Kf5 69. Rf8+ Nf6 70. Ra8 Rb3+ 71. Kg2 Rd3 72.
Rb8 Ra3 73. Rc8 Nd7 74. Rc7 Ne5 75. Rb7 Rc3 76. Rb8 Ng6 77. f4 Nxf4+ 78. Kf2
Ne6 79. Ra8 Rb3 80. Rc8 Ke4 81. Re8 Rf3+ 82. Ke2 Rf6 83. Kd2 Kd4 84. Ke2 Nf4+
85. Kf3 Nd3+ 86. Kg4 Ne5+ 87. Kg3 Ke4 88. Kg2 Rg6+ 89. Kf2 Rf6+ 90. Ke2 Ra6 91.
Kd2 Rc6 92. Re7 Kd4 93. Re8 Rd6 94. Ra8 Re6 95. Rd8+ Ke4 96. Rh8 Nf3+ 97. Kc3
Rc6+ 98. Kb4 Rc7 99. Rh6 Kd4 100. Rd6+ Ke5 101. Rh6 1/2-1/2

[Event "4NCL Division 1a"]
[Site "Birmingham, ENG ENG"]
[Date "2016.01.23"]
[Round "3.118"]
[White "Steil-Antoni, Fiona"]
[Black "Hegarty, Sarah N"]
[Result "1/2-1/2"]
[WhiteElo "2165"]
[BlackElo "2108"]
[PlyCount "35"]
[EventDate "2016.01.23"]
[WhiteTeam "Cheddleton 1"]
[BlackTeam "Wood Green HK"]

1. e4 e5 2. Nf3 Nc6 3. d4 exd4 4. Bc4 Nf6 5. O-O Nxe4 6. Re1 d5 7. Bxd5 Qxd5 8.
Nc3 Qh5 9. Nxe4 Be6 10. Bg5 Bd6 11. Nxd6+ cxd6 12. Bf4 Qd5 13. c3 O-O 14. Nxd4
Nxd4 15. Qxd4 Qxd4 16. cxd4 d5 17. Rac1 Rac8 18. Rxc8 1/2-1/2

[Event "4NCL Division 1a"]
[Site "Birmingham, ENG ENG"]
[Date "2016.01.23"]
[Round "3.121"]
[White "Turner, Matthew J"]
[Black "Lund, D Brett"]
[Result "1-0"]
[WhiteElo "2493"]
[BlackElo "2287"]
[PlyCount "95"]
[EventDate "2016.01.23"]
[WhiteTeam "Barbican 4NCL 1"]
[BlackTeam "Spirit of Atticus A"]

1. d4 d6 2. Nc3 Nf6 3. Bg5 Nbd7 4. Nf3 c6 5. Qd2 Qc7 6. Rd1 h6 7. Bh4 g5 8. Bg3
Nh5 9. e4 Bg7 10. Be2 Nf8 11. d5 Ng6 12. Nd4 Nhf4 13. Bf1 Be5 14. Bxf4 Bxf4 15.
Qe2 Qb6 16. Nb3 a5 17. Qc4 Be5 18. Na4 Qa7 19. dxc6 bxc6 20. Nd4 Bxd4 21. Qxd4
Qxd4 22. Rxd4 Rb8 23. b3 Bd7 24. Rd2 Rb4 25. Nc3 O-O 26. Be2 Nf4 27. O-O Nxe2+
28. Rxe2 e6 29. Rd1 d5 30. Na4 Bc8 31. f3 dxe4 32. Rxe4 Rxe4 33. fxe4 e5 34.
Nc5 Bg4 35. Rd6 Kg7 36. Kf2 Rc8 37. c4 Rc7 38. Ke3 h5 39. Kd3 Bc8 40. Kc3 h4
41. Kb2 f6 42. Kc3 Kf7 43. Rd8 Ke7 44. Rh8 Kd6 45. b4 axb4+ 46. Kxb4 Bg4 47. a4
Rf7 48. a5 1-0

[Event "4NCL Division 1a"]
[Site "Birmingham, ENG ENG"]
[Date "2016.01.23"]
[Round "3.122"]
[White "Ivell, Nicholas W"]
[Black "Collins, Sam E"]
[Result "1-0"]
[WhiteElo "2248"]
[BlackElo "2459"]
[PlyCount "79"]
[EventDate "2016.01.23"]
[WhiteTeam "Spirit of Atticus A"]
[BlackTeam "Barbican 4NCL 1"]

1. e4 e5 2. Nf3 Nc6 3. Bb5 a6 4. Ba4 Nf6 5. O-O Be7 6. Re1 b5 7. Bb3 d6 8. c3
O-O 9. h3 Na5 10. Bc2 d5 11. Nxe5 dxe4 12. d4 Bb7 13. Nd2 c5 14. Nxe4 cxd4 15.
Nxf6+ Bxf6 16. cxd4 Rc8 17. Bf5 Qd5 18. Be4 Qd6 19. Bxb7 Nxb7 20. Bf4 Rfe8 21.
Qf3 Qb6 22. Nd7 Qxd4 23. Rxe8+ Rxe8 24. Rd1 Qe4 25. Nxf6+ gxf6 26. Qxe4 Rxe4
27. Bh6 Rh4 28. Be3 Kg7 29. Rd7 Na5 30. b3 Re4 31. Ra7 Re6 32. Bd2 Nc6 33. Rxa6
Rd6 34. Bf4 Rd1+ 35. Kh2 Nb4 36. Rb6 Nd5 37. Rd6 Kf8 38. a4 Rd3 39. a5 Ke7 40.
a6 1-0

[Event "4NCL Division 1a"]
[Site "Birmingham, ENG ENG"]
[Date "2016.01.23"]
[Round "3.123"]
[White "Griffiths, Ryan Rhys"]
[Black "Carleton, John J"]
[Result "1-0"]
[WhiteElo "2358"]
[BlackElo "2298"]
[PlyCount "73"]
[EventDate "2016.01.23"]
[WhiteTeam "Barbican 4NCL 1"]
[BlackTeam "Spirit of Atticus A"]

1. c4 e6 2. d4 Nf6 3. Nc3 Bb4 4. e3 O-O 5. Nge2 d5 6. a3 Be7 7. cxd5 exd5 8.
Nf4 a5 9. Bd3 c6 10. O-O Na6 11. f3 Nc7 12. Bc2 Ne6 13. Kh1 Nxf4 14. exf4 Bd6
15. f5 Nh5 16. Qe1 Qf6 17. g4 Nf4 18. Be3 Re8 19. Qd2 g5 20. Rae1 Bd7 21. Ne4
dxe4 22. fxe4 Qh6 23. e5 Be7 24. f6 Bf8 25. Bxf4 gxf4 26. g5 Qh5 27. Rxf4 Be6
28. Re3 Bd5+ 29. Kg1 Kh8 30. Rg3 c5 31. Bd1 Qg6 32. Bc2 Qh5 33. Rgg4 Be6 34.
Rh4 Qxg5+ 35. Rfg4 Qxg4+ 36. Rxg4 Bxg4 37. Qd3 1-0

[Event "4NCL Division 1a"]
[Site "Birmingham, ENG ENG"]
[Date "2016.01.23"]
[Round "3.124"]
[White "Mitchell, Martin"]
[Black "Merry, Alan B"]
[Result "0-1"]
[WhiteElo "2184"]
[BlackElo "2376"]
[PlyCount "88"]
[EventDate "2016.01.23"]
[WhiteTeam "Spirit of Atticus A"]
[BlackTeam "Barbican 4NCL 1"]

1. d4 e6 2. c4 f5 3. g3 Nf6 4. Bg2 g6 5. Nc3 Bg7 6. e4 fxe4 7. Nxe4 Nxe4 8.
Bxe4 d5 9. cxd5 exd5 10. Bg2 O-O 11. Ne2 c6 12. O-O Na6 13. Be3 Bf5 14. Qd2 Qd7
15. Nf4 Rae8 16. Nd3 Be4 17. f3 Bxd3 18. Qxd3 Nb4 19. Qd2 Nc2 20. Qxc2 Rxe3 21.
Qd2 Rfe8 22. Rf2 Qe7 23. Raf1 Re2 24. Rxe2 Qxe2 25. Rd1 Qc4 26. b3 Bxd4+ 27.
Kh1 Qc3 28. h4 Qxd2 29. Rxd2 Bc3 30. Rd1 Re2 31. Bh3 d4 32. Bc8 b6 33. Bb7 Rxa2
34. Bxc6 Rb2 35. Bd5+ Kg7 36. Bc4 a5 37. f4 b5 38. Bxb5 Rxb3 39. Bc6 Rb4 40.
Kg2 a4 41. Bd5 a3 42. Rf1 d3 43. Kf3 d2 44. Ke2 Rd4 0-1

[Event "4NCL Division 1a"]
[Site "Birmingham, ENG ENG"]
[Date "2016.01.23"]
[Round "3.125"]
[White "Cox, John J"]
[Black "Jackson, Sheila"]
[Result "1-0"]
[WhiteElo "2351"]
[BlackElo "2144"]
[PlyCount "59"]
[EventDate "2016.01.23"]
[WhiteTeam "Barbican 4NCL 1"]
[BlackTeam "Spirit of Atticus A"]

1. c4 e5 2. g3 Nc6 3. Nc3 g6 4. Bg2 Bg7 5. e4 d6 6. Nge2 h5 7. h4 Bg4 8. f3 Be6
9. d3 Nd4 10. Nxd4 exd4 11. Ne2 Ne7 12. Bg5 c6 13. O-O O-O 14. Qe1 a5 15. Qf2
c5 16. a4 Kh7 17. Kh2 f6 18. Bd2 Nc6 19. Nf4 Bd7 20. Nd5 Ne5 21. Qe2 Be6 22.
Kg1 Bxd5 23. cxd5 Qb6 24. f4 Ng4 25. f5 g5 26. hxg5 fxg5 27. Bxg5 c4 28. Bh3
cxd3 29. Qxd3 Ne3 30. f6 1-0

[Event "4NCL Division 1a"]
[Site "Birmingham, ENG ENG"]
[Date "2016.01.23"]
[Round "3.126"]
[White "Ackley, Peter J E"]
[Black "Jackson, James P"]
[Result "0-1"]
[WhiteElo "2110"]
[BlackElo "2330"]
[PlyCount "128"]
[EventDate "2016.01.23"]
[WhiteTeam "Spirit of Atticus A"]
[BlackTeam "Barbican 4NCL 1"]

1. g3 Nf6 2. Bg2 g6 3. c4 Bg7 4. Nc3 O-O 5. Rb1 c6 6. e4 d6 7. Nge2 e5 8. O-O
a5 9. a3 Na6 10. d3 Bg4 11. b4 axb4 12. axb4 c5 13. bxc5 Nxc5 14. f3 Bd7 15.
Be3 Bc6 16. Bxc5 dxc5 17. Nd5 Ne8 18. Nec3 Nd6 19. Qb3 Ra5 20. Ra1 f5 21. Qb6
Qxb6 22. Nxb6 Rxa1 23. Rxa1 Bh6 24. Ncd5 fxe4 25. fxe4 Bg5 26. Bh3 Rf3 27. Bf1
Kg7 28. Be2 Rf8 29. Kg2 Nc8 30. Ra8 Nxb6 31. Rxf8 Bxd5 32. Re8 Bc6 33. Rxe5 Be3
34. Re7+ Kf6 35. Rxh7 Nd7 36. Kf3 Bd4 37. Bf1 Ne5+ 38. Ke2 g5 39. Rh8 Ke7 40.
Rg8 b5 41. cxb5 Bxb5 42. Kd2 Nf3+ 43. Kc1 Nxh2 44. Be2 Bd7 45. Kd1 g4 46. Rg5
Nf3 47. Rh5 Kf6 48. Rd5 Be6 49. Rd6 Ke7 50. Rc6 Bd7 51. Rg6 Be6 52. Bf1 Be5 53.
Bg2 Kf7 54. Rh6 Bxg3 55. Rh5 Ne5 56. Ke2 Kg6 57. Rh1 Nd7 58. Rg1 Be5 59. Rc1
Bd4 60. Rh1 Ne5 61. Rb1 Kg5 62. Rb6 Bd7 63. Rb7 Kf4 64. Kf1 Ke3 0-1

[Event "4NCL Division 1a"]
[Site "Birmingham, ENG ENG"]
[Date "2016.01.23"]
[Round "3.127"]
[White "Franklin, Samuel G A"]
[Black "Latham, David"]
[Result "1-0"]
[WhiteElo "2300"]
[BlackElo "2126"]
[PlyCount "53"]
[EventDate "2016.01.23"]
[WhiteTeam "Barbican 4NCL 1"]
[BlackTeam "Spirit of Atticus A"]

1. e4 c6 2. c4 d5 3. exd5 cxd5 4. cxd5 Nf6 5. Nc3 g6 6. Bc4 Bg7 7. Nf3 O-O 8.
O-O Nbd7 9. d3 Nb6 10. Qb3 Bf5 11. Re1 Nfd7 12. Bg5 Bf6 13. Bxf6 Nxf6 14. a4
Rc8 15. a5 Nxc4 16. dxc4 Qc7 17. Ne5 a6 18. h3 h5 19. Qa3 Rfe8 20. Rad1 Kg7 21.
b4 Nd7 22. Nxd7 Qxd7 23. c5 Qc7 24. Qb2 Kg8 25. d6 exd6 26. Rxe8+ Rxe8 27. Nd5
1-0

[Event "4NCL Division 1a"]
[Site "Birmingham, ENG ENG"]
[Date "2016.01.23"]
[Round "3.128"]
[White "Robertson, David J"]
[Black "Lauterbach, Ingrid"]
[Result "0-1"]
[WhiteElo "2125"]
[BlackElo "2061"]
[PlyCount "74"]
[EventDate "2016.01.23"]
[WhiteTeam "Spirit of Atticus A"]
[BlackTeam "Barbican 4NCL 1"]

1. e4 c5 2. Nf3 g6 3. c4 Bg7 4. Nc3 Nc6 5. g3 d6 6. Bg2 Be6 7. d3 Qc8 8. O-O
Nf6 9. Bd2 Bg4 10. Qb1 h5 11. h4 Bh3 12. Ng5 Bxg2 13. Kxg2 e6 14. a3 Qd7 15. b4
cxb4 16. axb4 O-O 17. Qb3 Ng4 18. Rab1 Nd4 19. Qd1 b5 20. f3 Ne5 21. Be3 Nexf3
22. Nxf3 Nxf3 23. Nxb5 Ne5 24. Nd4 d5 25. exd5 exd5 26. c5 Ng4 27. Bg1 Rae8 28.
Qf3 Ne5 29. Qd1 a6 30. b5 axb5 31. Nxb5 Ng4 32. Nd6 Ra8 33. Rb7 Qe6 34. Rbxf7
Ra2+ 35. Kh1 Rxf7 36. Nxf7 Ra1 37. Qf3 Ne5 {Scoresheets illegible.} 0-1

[Event "4NCL Division 1a"]
[Site "Birmingham, ENG ENG"]
[Date "2016.01.23"]
[Round "3.131"]
[White "Brown, Martin"]
[Black "Martins, David Pires Tavares"]
[Result "0-1"]
[WhiteElo "2216"]
[BlackElo "2408"]
[PlyCount "116"]
[EventDate "2016.01.23"]
[WhiteTeam "White Rose 2"]
[BlackTeam "Oxford 1"]

1. e4 d6 2. d4 Nf6 3. Nc3 g6 4. f4 Bg7 5. Nf3 O-O 6. Bd3 Nc6 7. O-O e5 8. fxe5
dxe5 9. d5 Ne7 10. Nxe5 c6 11. d6 Qxd6 12. Nc4 Qe6 13. a4 b6 14. Qe2 Nd7 15.
Bf4 Nc5 16. Nd6 Nxd3 17. Qxd3 Rd8 18. Rad1 a5 19. Qe3 Ba6 20. Rfe1 Be5 21. Bxe5
Qxe5 22. Qd4 f6 23. Qxe5 fxe5 24. Rd2 Ra7 25. Nc4 Rd4 26. Rxd4 exd4 27. Ne2
Bxc4 28. Nxd4 Rd7 29. Nf3 Rd8 30. Re3 c5 31. Rc3 Bf7 32. Kf2 Nc6 33. Ke3 Kf8
34. Kf4 h6 35. g4 Ke7 36. g5 h5 37. h4 Rd1 38. Re3 Be6 39. Ne1 Rd2 40. b3 Nd4
41. c3 Nxb3 42. Nf3 Rd6 43. Ne5 Bd7 44. Nc4 Re6 45. e5 Bxa4 46. Nd6 Bc6 47.
Nc8+ Kd8 48. Nxb6 Kc7 49. Nc4 Re8 50. e6 Bd5 51. Ne5 Bxe6 52. Nxg6 a4 53. c4
Nd4 54. Ne5 Rf8+ 55. Ke4 Kd6 56. Ra3 Bf5+ 57. Kf4 Bc2+ 58. Kg3 Kxe5 0-1

[Event "4NCL Division 1a"]
[Site "Birmingham, ENG ENG"]
[Date "2016.01.23"]
[Round "3.132"]
[White "Tan, Justin"]
[Black "Gantner, Matthias"]
[Result "1-0"]
[WhiteElo "2446"]
[BlackElo "2274"]
[PlyCount "83"]
[EventDate "2016.01.23"]
[WhiteTeam "Oxford 1"]
[BlackTeam "White Rose 2"]

1. e4 e6 2. d4 d5 3. Nd2 c5 4. Ngf3 cxd4 5. Nxd4 Nc6 6. Nxc6 bxc6 7. c4 dxe4 8.
Nxe4 Qxd1+ 9. Kxd1 f5 10. Nc3 Nf6 11. g3 Bc5 12. Bg2 Bd7 13. Ke2 Kf7 14. Rd1 e5
15. Na4 Bd4 16. Be3 Bxe3 17. Kxe3 Be6 18. b3 Ng4+ 19. Ke2 e4 20. Nc5 Rad8 21.
f3 exf3+ 22. Bxf3 Ne5 23. Bg2 Bc8 24. Kf1 Kf6 25. Kg1 g5 26. Rf1 Kg6 27. Rae1
Rhe8 28. Re2 Re7 29. Rfe1 Kf6 30. a4 h5 31. a5 Rd4 32. Rf1 Ng6 33. Rc2 Ne5 34.
Rcc1 h4 35. Rcd1 Rxd1 36. Rxd1 hxg3 37. hxg3 g4 38. Kf2 Bd7 39. Rd6+ Kg5 40. a6
f4 41. Ne4+ Kh5 42. gxf4 1-0

[Event "4NCL Division 1a"]
[Site "Birmingham, ENG ENG"]
[Date "2016.01.23"]
[Round "3.133"]
[White "Weller, Jean-Luc"]
[Black "Harvey, Marcus R"]
[Result "1/2-1/2"]
[WhiteElo "2247"]
[BlackElo "2335"]
[PlyCount "39"]
[EventDate "2016.01.23"]
[WhiteTeam "White Rose 2"]
[BlackTeam "Oxford 1"]

1. d4 Nf6 2. c4 e6 3. g3 d5 4. Bg2 Bb4+ 5. Nc3 O-O 6. Nf3 dxc4 7. O-O Nbd7 8.
Qc2 c5 9. Rd1 cxd4 10. Rxd4 Qe7 11. Rxc4 Rd8 12. Rh4 h6 13. Ne4 Nxe4 14. Qxe4
Bd6 15. Bxh6 f5 16. Qe3 gxh6 17. Qxh6 Nf8 18. Qh8+ Kf7 19. Qh5+ Kg8 20. Qh8+
1/2-1/2

[Event "4NCL Division 1a"]
[Site "Birmingham, ENG ENG"]
[Date "2016.01.23"]
[Round "3.134"]
[White "Rose, Matthew"]
[Black "Shaw, Peter"]
[Result "0-1"]
[WhiteElo "2300"]
[BlackElo "2116"]
[PlyCount "142"]
[EventDate "2016.01.23"]
[WhiteTeam "Oxford 1"]
[BlackTeam "White Rose 2"]

1. e4 d6 2. d4 Nf6 3. Nc3 c6 4. f4 Qa5 5. Bd3 e5 6. Nf3 exd4 7. Nxd4 g6 8. O-O
Bg7 9. a3 Qb6 10. Be2 Nxe4 11. Nxe4 Qxd4+ 12. Qxd4 Bxd4+ 13. Kh1 d5 14. Nd6+
Ke7 15. Nxc8+ Rxc8 16. f5 Nd7 17. c3 Be5 18. Be3 f6 19. Rf3 Kf7 20. Rd1 b5 21.
Rh3 Kg7 22. Bh6+ Kg8 23. fxg6 hxg6 24. b3 Nc5 25. c4 bxc4 26. bxc4 Ne4 27. Rf1
Rab8 28. cxd5 cxd5 29. Rd3 Rb2 30. Bf3 Nf2+ 31. Rxf2 Rxf2 32. Kg1 Rb2 33. Bxd5+
Kh7 34. Bd2 Kg7 35. Be6 Rc7 36. h3 g5 37. Bf5 Rb6 38. Bb4 Rb8 39. Kf2 Kf7 40.
Kf3 Re8 41. Bd7 Rb8 42. Bf5 Kg7 43. Be4 a6 44. Rd5 Re8 45. Ra5 Bc3 46. Bd3 Bxb4
47. axb4 Rc3 48. Rd5 Rb8 49. Rd7+ Kf8 50. Kg4 Rxb4+ 51. Kf5 Rb6 52. Kg6 Ke8 53.
Bf5 a5 54. Ra7 Rc5 55. Ra8+ Ke7 56. Ra7+ Kd8 57. Rd7+ Ke8 58. Ra7 Rd6 59. g4
Kd8 60. Rh7 Rb5 61. Ra7 Rc5 62. Rh7 Rcc6 63. h4 gxh4 64. Rxh4 a4 65. Rh3 Ra6
66. Ra3 Rd4 67. Rc3 a3 68. Kg7 Ra8 69. Re3 Ra7+ 70. Kf8 a2 71. Rc3 Ra8 0-1

[Event "4NCL Division 1a"]
[Site "Birmingham, ENG ENG"]
[Date "2016.01.23"]
[Round "3.135"]
[White "Sucikova, Svetlana"]
[Black "Zakarian, David"]
[Result "0-1"]
[WhiteElo "2177"]
[BlackElo "2380"]
[PlyCount "130"]
[EventDate "2016.01.23"]
[WhiteTeam "White Rose 2"]
[BlackTeam "Oxford 1"]

1. c4 Nf6 2. Nc3 e6 3. g3 d5 4. cxd5 exd5 5. d4 c6 6. Bg2 Bd6 7. Nf3 O-O 8. O-O
h6 9. a3 Bf5 10. Re1 Re8 11. Nd2 Nbd7 12. e4 dxe4 13. Ndxe4 Nb6 14. Nxd6 Rxe1+
15. Qxe1 Qxd6 16. Qe5 Qd7 17. Bf4 Rd8 18. Rd1 Bg4 19. f3 Bf5 20. Qe2 Nfd5 21.
Bc1 Nxc3 22. bxc3 Re8 23. Qf2 Qe6 24. Bf1 Qb3 25. Re1 Rd8 26. Qb2 Qd5 27. Re5
Qd7 28. Qe2 Be6 29. Qe1 Qd6 30. Bd3 Nd7 31. Ra5 c5 32. Bf4 Qb6 33. Rb5 Qc6 34.
Qe4 Qxe4 35. fxe4 cxd4 36. cxd4 b6 37. Be2 Rc8 38. d5 Bh3 39. Rb2 Rc3 40. a4 g5
41. Bd2 Ra3 42. a5 bxa5 43. Rc2 Nf6 44. Bc1 Rb3 45. Bc4 Rb1 46. Bd3 Rb4 47. Re2
Nd7 48. Bd2 Rd4 49. Bc2 a4 50. Bc3 Rc4 51. Bb2 f6 52. Bd3 Rb4 53. Rc2 Ne5 54.
Bxe5 fxe5 55. Bc4 a3 56. d6+ Kf8 57. Bd5 Rb1+ 58. Kf2 Rb2 59. Rxb2 axb2 60. Ba2
Be6 61. Bb1 a5 62. Ke2 a4 63. d7 Ke7 64. Kd2 a3 65. Kc3 g4 0-1

[Event "4NCL Division 1a"]
[Site "Birmingham, ENG ENG"]
[Date "2016.01.23"]
[Round "3.136"]
[White "Eckersley-Waites, Tom"]
[Black "Burnett, Jim"]
[Result "1/2-1/2"]
[WhiteElo "2306"]
[BlackElo "2170"]
[PlyCount "102"]
[EventDate "2016.01.23"]
[WhiteTeam "Oxford 1"]
[BlackTeam "White Rose 2"]

1. e4 e6 2. d4 d5 3. Nc3 Bb4 4. e5 c5 5. dxc5 Nc6 6. Nf3 Nge7 7. Bd3 d4 8. a3
Ba5 9. b4 Nxb4 10. axb4 Bxb4 11. O-O Bxc3 12. Rb1 h6 13. Nd2 Bxd2 14. Bxd2 Bd7
15. Qg4 Bc6 16. f3 g6 17. Rb4 Qa5 18. Qxd4 Rd8 19. Qf2 Qc7 20. Rb3 Rg8 21. Ra3
Qxe5 22. Rxa7 g5 23. Re1 Qg7 24. Ra3 Nd5 25. Bf1 h5 26. c4 Ne7 27. Ba5 Rc8 28.
Qd2 g4 29. fxg4 Qxg4 30. Rg3 Qf5 31. Rd1 f6 32. Rxg8+ Nxg8 33. Qd6 Ra8 34. Re1
Rxa5 35. Qb8+ Kf7 36. Qc7+ Ne7 37. Qxa5 h4 38. Qa3 Ng6 39. Bd3 Qg5 40. Bxg6+
Kxg6 41. Re2 e5 42. Qd3+ Kg7 43. Rf2 e4 44. Qd6 e3 45. Rb2 h3 46. Qg3 Qxg3 47.
hxg3 hxg2 48. Rxg2 Bxg2 49. Kxg2 Kg6 50. Kf3 Kf5 51. Kxe3 Kg4 1/2-1/2

[Event "4NCL Division 1a"]
[Site "Birmingham, ENG ENG"]
[Date "2016.01.23"]
[Round "3.137"]
[White "O'driscoll, Kieran"]
[Black "Aguiar, Henrique Rui Neves"]
[Result "0-1"]
[WhiteElo "2069"]
[BlackElo "2201"]
[PlyCount "98"]
[EventDate "2016.01.23"]
[WhiteTeam "White Rose 2"]
[BlackTeam "Oxford 1"]

1. d4 Nf6 2. c4 g6 3. Nc3 Bg7 4. e4 d6 5. Nf3 O-O 6. Be2 Bg4 7. Be3 Nfd7 8. Ng1
Bxe2 9. Ngxe2 c5 10. f3 Na6 11. Qd2 Rc8 12. d5 Nc7 13. Bh6 a6 14. h4 Ne5 15. b3
Bxh6 16. Qxh6 e6 17. Rd1 b5 18. cxb5 axb5 19. h5 g5 20. f4 gxf4 21. Qxf4 b4 22.
Na4 Nb5 23. Rh3 Kh8 24. Nb6 Rb8 25. Nc4 Nxc4 26. bxc4 e5 27. Qf5 Nd4 28. Nxd4
exd4 29. h6 Qe7 30. Rdd3 Rg8 31. Kf1 Rg6 32. Rdf3 Ra8 33. Rhg3 Rxh6 34. Rh3 Rh4
35. Rf2 d3 36. Rxd3 Rh1+ 37. Ke2 Rxa2+ 38. Rd2 Raa1 39. Qc8+ Kg7 40. Qg4+ Kf8
41. Kd3 Ra3+ 42. Kc2 Ra2+ 43. Kd3 Rxd2+ 44. Kxd2 Rh4 45. Qc8+ Kg7 46. Rf3 Qe5
47. Qd8 Qb2+ 48. Ke3 Qd4+ 49. Ke2 Rxe4+ 0-1

[Event "4NCL Division 1a"]
[Site "Birmingham, ENG ENG"]
[Date "2016.01.23"]
[Round "3.138"]
[White "Matta, Francesca"]
[Black "York-Andersen, Anna"]
[Result "1-0"]
[WhiteElo "2020"]
[BlackElo "1796"]
[PlyCount "57"]
[EventDate "2016.01.23"]
[WhiteTeam "Oxford 1"]
[BlackTeam "White Rose 2"]

1. d4 Nf6 2. c4 g6 3. Nc3 d5 4. h4 c6 5. e3 Bg7 6. Bd2 b6 7. cxd5 cxd5 8. Bb5+
Bd7 9. Rc1 a6 10. Bd3 b5 11. Nge2 Nc6 12. Nf4 e6 13. h5 g5 14. Nfe2 h6 15. Ng3
Na5 16. b3 Rc8 17. O-O Bf8 18. e4 dxe4 19. Ncxe4 Nd5 20. Qf3 Nc6 21. Be3 f5 22.
Nc5 g4 23. Qe2 Qf6 24. Bxf5 Be7 25. Bg6+ Kd8 26. Nge4 Qf8 27. Qxg4 Rg8 28.
Nxe6+ Bxe6 29. Qxe6 1-0